Advanced engineering mathematics (Record no. 2354)

000 -LEADER
fixed length control field 00457nam a22001937a 4500
001 - CONTROL NUMBER
control field 2354
003 - CONTROL NUMBER IDENTIFIER
control field BD-DhUET
008 - FIXED-LENGTH DATA ELEMENTS--GENERAL INFORMATION
fixed length control field 140922b xxu||||| |||| 00| 0 eng d
020 ## - INTERNATIONAL STANDARD BOOK NUMBER
International Standard Book Number 8121903459
040 ## - CATALOGING SOURCE
Transcribing agency 0
Modifying agency BD-DhUET
082 ## - DEWEY DECIMAL CLASSIFICATION NUMBER
Classification number 510
Item number DAS/2007
100 ## - MAIN ENTRY--PERSONAL NAME
Personal name Dass, H.K.
245 ## - TITLE STATEMENT
Title Advanced engineering mathematics
250 ## - EDITION STATEMENT
Edition statement 17th Rev. ed.
260 ## - PUBLICATION, DISTRIBUTION, ETC. (IMPRINT)
Place of publication, distribution, etc. Ram Nagar
Name of publisher, distributor, etc. S. Chand.
Date of publication, distribution, etc. 2007
300 ## - PHYSICAL DESCRIPTION
Extent xvi,1274p.
650 #0 - SUBJECT ADDED ENTRY--TOPICAL TERM
Topical term or geographic name as entry element Mathematics
942 ## - ADDED ENTRY ELEMENTS (KOHA)
Koha item type General Book
Holdings
Koha issues (times borrowed) Copy number Damaged status Shelving location Sublocation or collection (holding branch) Koha item type Location (home branch) Koha date last borrowed Date acquired Koha full call number Koha normalized classification for sorting Lost status Price effective from Source of classification or shelving scheme Koha date last seen Withdrawn status Piece designation (barcode) Koha out on loan Not for loan
31 Circulation sectionCentral Library, BUETGeneral BookCentral Library, BUET2022-11-232014-09-22510/DAS/2007510DAS2007 2014-09-22 2023-05-06 103924  
62 Circulation sectionCentral Library, BUETGeneral BookCentral Library, BUET2026-01-132014-09-22510/DAS/2007510DAS2007 2014-09-22 2026-01-13 1039252026-01-27 
43 Circulation sectionCentral Library, BUETGeneral BookCentral Library, BUET2024-12-012014-09-22510/DAS/2007510DAS2007 2014-09-22 2025-02-10 103927  
34 Circulation sectionCentral Library, BUETGeneral BookCentral Library, BUET2023-03-222014-09-22510/DAS/2007510DAS2007 2014-09-22 2023-06-05 103928  
15 Circulation sectionCentral Library, BUETGeneral BookCentral Library, BUET2014-11-122014-09-22510/DAS/2007510DAS2007 2014-09-22 2016-02-24 103929  
27 Circulation sectionCentral Library, BUETGeneral BookCentral Library, BUET2023-01-112014-09-22510/DAS/2007510DAS2007 2014-09-22 2023-02-28 103931  
36 Circulation sectionCentral Library, BUETGeneral BookCentral Library, BUET2026-04-152014-09-22510/DAS/2007510DAS2007 2014-09-22 2026-04-15 1039302026-04-29 
28 Circulation sectionCentral Library, BUETGeneral BookCentral Library, BUET2019-01-202015-01-26510/DAS/2007510_000000000000000_DAS_2007 2015-01-26 2019-03-31 103922  
29 Circulation sectionCentral Library, BUETGeneral BookCentral Library, BUET2025-03-022015-09-01510DAS/2007510DAS_2007_000000000000000 2015-09-01 2025-04-07 103923  
1110 Circulation sectionCentral Library, BUETGeneral BookCentral Library, BUET2024-11-242007-05-28510/DAS/2007510_000000000000000_DAS_2007 2017-05-29 2024-11-24 1039262024-12-08